00329nam a2200121Ia 4500008004100000041000800041082001400049100002000063245004500083260003700128300003100165365001100196240624s9999 xx 000 0 und d aeng a158.1 ROB aROBINSON W JANE aDIVINE DECLARATION AWAKEN TO YOUR DIVINE c2007aNew DelhibMacmillan India axii, : 234 : p. : cm. ; 25 cRSb32